[Event "Tournoi Skype 025B"]
[Site "Skype"]
[Date "????.??.??"]
[Round "1.33"]
[White "Conde, Abigail"]
[Black "Felippe E Silva, Glenda"]
[Result "0-1"]
[WhiteElo "1000"]
[BlackElo "1288"]
[PlyCount "160"]

1. e4 c6 2. d4 d5 3. Nc3 dxe4 4. Nxe4 Bf5 5. Qe2 Qxd4 6. Nc3 Qd8 7. Nf3 Nd7 8.
g3 Ngf6 9. Bg2 e6 10. a3 Be7 11. Bg5 h6 12. Bh4 O-O 13. Rd1 Re8 14. O-O Nd5 15.
Na4 Bxh4 16. Nxh4 Bh7 17. c4 N5f6 18. Nc5 Nxc5 19. Rxd8 Raxd8 20. Qe5 Ncd7 21.
Qc7 Rb8 22. b4 Rec8 23. Qd6 Nb6 24. c5 Nc4 25. Qf4 Nxa3 26. Nf3 Nd5 27. Qg4 Nc2
28. Re1 Nxe1 29. Nxe1 Rd8 30. Qh5 Bg6 31. Qe5 Nxb4 32. Bf3 Ra8 33. h4 a5 34. h5
Bc2 35. Qc7 Rdb8 36. g4 a4 37. Qe7 Nd5 38. Bxd5 exd5 39. Nxc2 a3 40. g5 Ra7 41.
g6 Rf8 42. gxf7+ Rxf7 43. Qe1 Rf8 44. Qc3 a2 45. Qb2 Re8 46. Kg2 Re2 47. Qb6
a1=Q 48. Nxa1 Rxa1 49. Qd8+ Kh7 50. Kf3 Re5 51. Kf4 Rxh5 52. f3 Ra4+ 53. Kg3
Rf5 54. Qd7 Rg5+ 55. Kf2 Rb4 56. Qe6 Rc4 57. Qe3 d4 58. Qe4+ Rg6 59. f4 Rxc5
60. f5 Rf6 61. Kf3 Rcxf5+ 62. Kg4 h5+ 63. Kg3 b5 64. Kh4 c5 65. Kh3 b4 66. Qd3
g6 67. Qb5 Rf3+ 68. Kg2 d3 69. Qd7+ Kh6 70. Qd5 Rf2+ 71. Kg3 d2 72. Qd3 R6f3+
73. Qxf3 Rxf3+ 74. Kxf3 d1=Q+ 75. Kf4 Qd2+ 76. Ke5 b3 77. Ke6 b2 78. Ke7 b1=Q
79. Kf7 Qf5+ 80. Kg8 Qd8# 0-1

[Event "Tournoi Skype 025B"]
[Site "Skype"]
[Date "????.??.??"]
[Round "1.34"]
[White "Yanez, Leticia Jorgelina"]
[Black "De Fazio, Monica"]
[Result "1-0"]
[WhiteElo "1287"]
[BlackElo "1000"]
[PlyCount "79"]

1. d4 d5 2. Nf3 c6 3. e3 e6 4. a3 Bd6 5. b3 Nf6 6. Bb2 O-O 7. Bd3 b6 8. Nbd2
Nbd7 9. O-O a5 10. Rc1 Ba6 11. c4 b5 12. c5 Be7 13. Qe2 Ne4 14. Rfe1 e5 15.
Nxe5 Ndf6 16. Nxc6 Qc7 17. Ne5 Bc8 18. f3 Ng5 19. Bxb5 Rb8 20. a4 Nh5 21. Nf1
f6 22. Nc6 Rb7 23. Nxe7+ Qxe7 24. c6 Ra7 25. Rc5 Ne6 26. Rxd5 Rd8 27. Rxh5 Nc7
28. Rc1 Qb4 29. Qc4+ Be6 30. Qxb4 axb4 31. Nd2 Nd5 32. e4 Nf4 33. Rhc5 Nd3 34.
Bxd3 Rf7 35. d5 Bc8 36. c7 Re8 37. d6 Rd7 38. Rc6 Re6 39. Bc4 Rdxd6 40. Rxd6
1-0

[Event "Tournoi Skype 025B"]
[Site "Skype"]
[Date "????.??.??"]
[Round "1.37"]
[White "Ramirez, Luis Antonio"]
[Black "Torres, Vicky"]
[Result "0-1"]
[WhiteElo "1000"]
[BlackElo "1276"]
[PlyCount "66"]

1. e4 c5 2. Nf3 d6 3. d4 e6 4. e5 d5 5. Be3 Nc6 6. dxc5 Qa5+ 7. Nbd2 Bxc5 8.
Bxc5 Qxc5 9. Bd3 Nge7 10. c3 O-O 11. Ng5 Nf5 12. Qc2 Nxe5 13. b4 Qe7 14. Ndf3
Nxd3+ 15. Qxd3 a6 16. O-O Bd7 17. g4 Bb5 18. Qd2 Bxf1 19. Kxf1 Nd6 20. Qd4 f5
21. Re1 Rf6 22. Qd3 Rc8 23. Qd4 Rc4 24. Qe5 Rxg4 25. Qxe6+ Rxe6 26. Nxe6 Ne4
27. Ned4 Qf6 28. h3 Rg6 29. Ke2 Nxc3+ 30. Kd3 Nxa2 31. Re8+ Kf7 32. Rb8 Qe7 33.
Nxf5 Qe4+ 0-1

[Event "Tournoi Skype 025B"]
[Site "Skype"]
[Date "????.??.??"]
[Round "1.38"]
[White "Vincent, Andre"]
[Black "Reese, Evan"]
[Result "1-0"]
[WhiteElo "1273"]
[BlackElo "1000"]
[PlyCount "73"]

1. e4 e5 2. Nf3 Nc6 3. Bc4 Nf6 4. Ng5 d5 5. exd5 Nxd5 6. Qf3 Qxg5 7. Bxd5 Bd6
8. Qxf7+ Kd8 9. h4 Qf4 10. Qxg7 Rf8 11. Qg5+ Be7 12. Qxf4 exf4 13. Nc3 Nd4 14.
Be4 h5 15. Nd5 Bd6 16. c3 Ne6 17. d4 c6 18. Nb4 Bd7 19. a4 Rg8 20. Nd3 a5 21.
d5 cxd5 22. Bxd5 Re8 23. Kd1 Rb8 24. Re1 b6 25. Bxe6 Bxe6 26. f3 Bb3+ 27. Kd2
Rg8 28. Re2 Be7 29. Nxf4 Bxh4 30. Nxh5 Kc7 31. g3 Rbd8+ 32. Ke1 Bxg3+ 33. Nxg3
Rxg3 34. Bf4+ Kc6 35. Bxg3 Bd5 36. f4 Rg8 37. Kf2 1-0

[Event "Tournoi Skype 025B"]
[Site "Skype"]
[Date "????.??.??"]
[Round "1.39"]
[White "Schnell, Nicolas"]
[Black "Almiron, Patricia"]
[Result "1-0"]
[WhiteElo "1000"]
[BlackElo "1270"]
[PlyCount "45"]

1. e4 e6 2. g4 d5 3. e5 Qg5 4. d4 Qh4 5. Nf3 Qxg4 6. h3 Qe4+ 7. Be3 Bb4+ 8. c3
Be7 9. Bd3 Qxd3 10. Qxd3 h5 11. Qb5+ Nc6 12. c4 dxc4 13. Rg1 a6 14. Qxc4 Bf8
15. d5 exd5 16. Qxd5 Bxh3 17. Ng5 Bb4+ 18. Nd2 Be6 19. Nxe6 Bxd2+ 20. Bxd2 fxe6
21. Qxe6+ Nge7 22. Rxg7 Kf8 23. Qf7# 1-0

[Event "Tournoi Skype 025B"]
[Site "Skype"]
[Date "????.??.??"]
[Round "1.40"]
[White "Rosenkoetter, David"]
[Black "Schuh, David"]
[Result "1-0"]
[WhiteElo "1270"]
[BlackElo "1000"]
[PlyCount "71"]

1. Nf3 e6 2. c4 d5 3. d4 Nf6 4. Bf4 g6 5. e3 Bg7 6. Na3 Nc6 7. cxd5 exd5 8. Rc1
O-O 9. Bb5 a6 10. Bxc6 bxc6 11. O-O Qe7 12. Ne5 Bg4 13. f3 Bh5 14. Nxc6 Qd7 15.
Ne5 Qd6 16. Nd3 Rab8 17. Bxd6 cxd6 18. Nf4 Rxb2 19. Nxh5 Nxh5 20. Rc2 Rb3 21.
Qc1 Rb7 22. Rc8 Rb8 23. Rc6 Rfe8 24. Rd1 Bh6 25. Nc2 Nf4 26. exf4 Re4 27. fxe4
dxe4 28. Ne1 f5 29. Rc8+ Kf7 30. Qc7+ Ke6 31. Rxb8 Bxf4 32. Re8+ Kd5 33. Qf7+
Kc6 34. Qc4+ Kb6 35. Rb8+ Ka7 36. Qc7# 1-0

[Event "Tournoi Skype 025B"]
[Site "Skype"]
[Date "????.??.??"]
[Round "1.41"]
[White "Tolaro, Filippa"]
[Black "Battaglia, Gabriele"]
[Result "0-1"]
[WhiteElo "1000"]
[BlackElo "1248"]
[PlyCount "44"]

1. d4 d5 2. Bf4 Nf6 3. e3 g6 4. Bd3 Bg7 5. c3 O-O 6. Nf3 Bg4 7. Nbd2 Nbd7 8.
O-O c5 9. Re1 Qb6 10. Rb1 Nh5 11. Bg5 e5 12. Qc2 e4 13. Nxe4 Bxf3 14. gxf3 dxe4
15. Bxe4 Rac8 16. Rbd1 Ndf6 17. Bd3 Qc6 18. b4 cxb4 19. Rc1 Qd5 20. e4 Qxg5+
21. Kf1 Nf4 22. h4 Qg2# 0-1

[Event "Tournoi Skype 025B"]
[Site "Skype"]
[Date "????.??.??"]
[Round "1.42"]
[White "Farfallini, Michel"]
[Black "Trapletti, Cosetta"]
[Result "1-0"]
[WhiteElo "1245"]
[BlackElo "1000"]
[PlyCount "37"]

1. e4 d6 2. d4 Nf6 3. Nc3 Bg4 4. Be2 e6 5. Bxg4 Be7 6. Be2 O-O 7. Bd2 Nc6 8.
Bf4 h6 9. Qd3 d5 10. e5 Nd7 11. O-O-O f6 12. Qg6 f5 13. Qxe6+ Kh8 14. Qg6 Bb4
15. Nxd5 Na5 16. Bd3 c5 17. Bxf5 Kg8 18. Bxh6 Rxf5 19. Qxg7# 1-0

[Event "Tournoi Skype 025B"]
[Site "Skype"]
[Date "????.??.??"]
[Round "2.1"]
[White "Santos, Joselito"]
[Black "Bendre, Pankaj"]
[Result "1/2-1/2"]
[WhiteElo "1294"]
[BlackElo "1486"]
[PlyCount "116"]

1. d4 d5 2. Nf3 c6 3. c3 Nf6 4. Bf4 Bf5 5. Nbd2 Nbd7 6. e3 e6 7. Be2 Be7 8. O-O
O-O 9. Ne5 Nb6 10. h3 h6 11. g4 Bh7 12. Kg2 Nfd7 13. Bg3 Nxe5 14. Bxe5 Nd7 15.
Bg3 Bf6 16. f4 Re8 17. Nf3 Be4 18. Kh2 Bxf3 19. Rxf3 a6 20. Qd2 g5 21. Bd3 Nf8
22. f5 e5 23. Bc2 e4 24. Rff1 Nd7 25. b4 Nb6 26. Bb3 Rc8 27. Kg1 Kh7 28. a4 Qd7
29. a5 Na8 30. Qh2 Qd8 31. Kf2 Nc7 32. Bxc7 Qxc7 33. Qxc7 Rxc7 34. Rh1 Kg7 35.
Rh2 Rh8 36. Rah1 Rcc8 37. c4 Rcd8 38. cxd5 cxd5 39. Rc1 Rd6 40. Ba4 Rb6 41. Rb1
Rd6 42. Rhh1 b5 43. Bb3 Be7 44. Ba2 Rc8 45. Rhc1 Rcd8 46. Rc7 Bf6 47. Rbc1 Kf8
48. Ke2 Ke8 49. Rc8 Kd7 50. Rxd8+ Kxd8 51. Rc5 Be7 52. Rxd5 Rxd5 53. Bxd5 f6
54. Bb7 Bxb4 55. Bxa6 Bxa5 56. Bxb5 Kc7 57. Ba4 Kd6 58. Bb3 Bb6 1/2-1/2

[Event "Tournoi Skype 025B"]
[Site "Skype"]
[Date "????.??.??"]
[Round "2.2"]
[White "Galani, Mahendra"]
[Black "Silva, Givson"]
[Result "0-1"]
[WhiteElo "1484"]
[BlackElo "1297"]
[PlyCount "96"]

1. e4 e6 2. d4 d5 3. e5 c5 4. c3 Qb6 5. Nf3 Nc6 6. Be2 cxd4 7. cxd4 Nge7 8. O-O
Nf5 9. Nc3 Nfxd4 10. Nxd4 Bd7 11. Nf3 Be7 12. Na4 Qc7 13. Bf4 h6 14. Rc1 b6 15.
a3 g5 16. Bg3 Qd8 17. b4 Rc8 18. b5 Na5 19. Nd2 O-O 20. Bh5 Rxc1 21. Qxc1 Bxb5
22. Re1 Bxa4 23. Qc3 d4 24. Qf3 Bc6 25. Qg4 Be8 26. f4 Kh8 27. fxg5 Bxg5 28.
Nf3 Nc4 29. Nxg5 Qxg5 30. Qh3 Bc6 31. Be2 Ne3 32. Bf1 h5 33. Re2 Bb5 34. Rf2
Nxf1 35. Bf4 Qg4 36. Bg3 Nxg3 37. hxg3 Rc8 38. Rf6 Kg7 39. Rf4 Qxh3 40. gxh3 d3
41. Rd4 Rc3 42. Kf2 Rxa3 43. g4 d2 44. Rxd2 Rxh3 45. Kg2 hxg4 46. Rb2 Bc6+ 47.
Kg1 g3 48. Rc2 Rh1# 0-1

[Event "Tournoi Skype 025B"]
[Site "Skype"]
[Date "????.??.??"]
[Round "2.3"]
[White "Felippe E Silva, Glenda"]
[Black "Engul, Serdar"]
[Result "1/2-1/2"]
[WhiteElo "1288"]
[BlackElo "1470"]
[PlyCount "40"]

1. d4 g6 2. Nf3 Bg7 3. Bf4 d6 4. e3 Nf6 5. Bd3 O-O 6. O-O c5 7. c3 Nc6 8. Nbd2
Nd5 9. Bg3 e5 10. dxe5 dxe5 11. Bc2 Bg4 12. h3 Be6 13. Ne4 b6 14. Ned2 Qd7 15.
Nc4 f6 16. e4 Nf4 17. Qxd7 Bxd7 18. Bxf4 exf4 19. Rad1 Rad8 20. Ba4 Be6 1/2-1/2

[Event "Tournoi Skype 025B"]
[Site "Skype"]
[Date "????.??.??"]
[Round "2.4"]
[White "Ruiz Gomez, Luz Alba"]
[Black "Couto, Januario"]
[Result "0-1"]
[WhiteElo "1279"]
[BlackElo "1433"]
[PlyCount "158"]

1. d4 f5 2. Nf3 g6 3. Bf4 d6 4. e3 Bg7 5. c4 Nf6 6. Nc3 O-O 7. Bd3 Qe8 8. Bg3
Nc6 9. O-O Nh5 10. d5 Nb4 11. a3 Nxd3 12. Qxd3 Nxg3 13. hxg3 e5 14. Qc2 f4 15.
gxf4 exf4 16. Rfe1 Qf7 17. Ng5 Qf6 18. Nge4 Qf5 19. Rad1 fxe3 20. Rxe3 Qh5 21.
Rde1 Be5 22. Ng3 Bxg3 23. Rxg3 Bf5 24. Qd1 Qxd1 25. Rxd1 a6 26. Re1 Rae8 27.
Rge3 Kf7 28. Ne2 Rxe3 29. fxe3 Re8 30. Nd4 Re4 31. b3 Kf6 32. Kf2 g5 33. Rh1
Rh4 34. Re1 Re4 35. Rh1 Bg6 36. Rh3 h5 37. Rf3+ Ke7 38. Nf5+ Kd7 39. a4 Re5 40.
Nd4 Ke7 41. Rg3 g4 42. Nf3 Rf5 43. e4 Rf6 44. Ke3 gxf3 45. gxf3 Kf7 46. Rh3 Kg7
47. Rg3 Kh6 48. Kd4 h4 49. Rh3 Kh5 50. Ke3 c6 51. Rh2 Be8 52. Rd2 c5 53. Rg2
Rg6 54. Rb2 a5 55. Rh2 Bd7 56. Rf2 Rg3 57. Kf4 Kg6 58. Rh2 Kh5 59. Rf2 Rg1 60.
Rh2 h3 61. Re2 Rg2 62. Re1 h2 63. Rh1 Kh4 64. Ke3 Kh3 65. Rxh2+ Rxh2 66. f4 Rb2
67. e5 dxe5 68. fxe5 Rxb3+ 69. Ke4 Rb4 70. e6 Be8 71. d6 Rxc4+ 72. Ke5 Rd4 73.
e7 Bd7 74. Kf6 c4 75. Ke5 Rxd6 76. Kxd6 Bxa4 77. Kc5 c3 78. Kd4 c2 79. e8=Q
Bxe8 0-1

[Event "Tournoi Skype 025B"]
[Site "Skype"]
[Date "????.??.??"]
[Round "2.6"]
[White "Torres, Vicky"]
[Black "Lucena Vaz, Jose"]
[Result "0-1"]
[WhiteElo "1276"]
[BlackElo "1430"]
[PlyCount "56"]

1. Nc3 Nf6 2. d4 d6 3. e4 g6 4. Nf3 Bg7 5. Bd3 Nbd7 6. Ne2 O-O 7. c3 Re8 8. Ng3
c5 9. dxc5 Nxc5 10. O-O e5 11. b4 Nxd3 12. Qxd3 Qc7 13. c4 Be6 14. Nd2 Rac8 15.
c5 dxc5 16. bxc5 Qxc5 17. Bb2 Qc2 18. Qxc2 Rxc2 19. Bc1 Rxa2 20. Rxa2 Bxa2 21.
Nf5 gxf5 22. exf5 Bd5 23. Re1 b5 24. f3 Nd7 25. Nf1 Nc5 26. Ba3 Nd3 27. Re3 e4
28. f4 Bd4 0-1

[Event "Tournoi Skype 025B"]
[Site "Skype"]
[Date "????.??.??"]
[Round "2.7"]
[White "Battaglia, Gabriele"]
[Black "Teles, Jeferson Lisboa"]
[Result "0-1"]
[WhiteElo "1248"]
[BlackElo "1417"]
[PlyCount "74"]

1. Nf3 g6 2. g3 Bg7 3. Bg2 Nf6 4. O-O O-O 5. d3 c6 6. e4 Qb6 7. e5 Nd5 8. c3 d6
9. d4 Bg4 10. h3 Bxf3 11. Bxf3 dxe5 12. dxe5 e6 13. Qe2 Nd7 14. Bxd5 cxd5 15.
Be3 Qc7 16. f4 b6 17. Na3 a6 18. Rac1 b5 19. Nc2 Qc4 20. Qxc4 bxc4 21. b3 cxb3
22. axb3 Rfc8 23. Nb4 a5 24. Na2 Bh6 25. b4 Nxe5 26. Rcd1 axb4 27. Nxb4 Nc4 28.
Bf2 Bf8 29. Bd4 Bg7 30. Bxg7 Kxg7 31. Rc1 Ne3 32. Rf2 Ra3 33. Re2 Rcxc3 34.
Rxc3 Rxc3 35. Na2 Ra3 36. Nc1 Nc4 37. Rc2 Rxg3+ 0-1

[Event "Tournoi Skype 025B"]
[Site "Skype"]
[Date "????.??.??"]
[Round "2.8"]
[White "Bustos, Ricardo"]
[Black "Perez, Luis Horacio"]
[Result "1-0"]
[WhiteElo "1174"]
[BlackElo "1397"]
[PlyCount "78"]

1. d4 d5 2. Bg5 h6 3. Bh4 Bf5 4. Nf3 g5 5. Bg3 Nc6 6. e3 Bg7 7. Bb5 Qd7 8. Nc3
e6 9. Bd3 Nge7 10. Ne5 Nxe5 11. Bxe5 f6 12. Qh5+ Bg6 13. Bxg6+ Nxg6 14. Qxg6+
Qf7 15. Qxf7+ Kxf7 16. Bxc7 Rac8 17. Bg3 b5 18. a3 a6 19. O-O Rhe8 20. Rac1 e5
21. dxe5 fxe5 22. Nxd5 Ke6 23. Rfd1 h5 24. h3 h4 25. Bh2 e4 26. c3 a5 27. Nc7+
Rxc7 28. Bxc7 Rc8 29. Bxa5 Be5 30. Bb4 Kf5 31. Rd5 Re8 32. Rxb5 g4 33. hxg4+
Kxg4 34. Rb7 h3 35. gxh3+ Kxh3 36. Rh7+ Kg4 37. Kh1 Rg8 38. Rg1+ Bg3 39. Rxg3+
Kf5 1-0

[Event "Tournoi Skype 025B"]
[Site "Skype"]
[Date "????.??.??"]
[Round "2.9"]
[White "Malbec, Robert"]
[Black "Yanez, Leticia Jorgelina"]
[Result "1-0"]
[WhiteElo "1394"]
[BlackElo "1287"]
[PlyCount "57"]

1. e4 e5 2. Nf3 Nc6 3. Bc4 Bc5 4. c3 Nh6 5. d4 exd4 6. cxd4 Nxd4 7. Nxd4 d5 8.
exd5 Qe7+ 9. Ne2 Bg4 10. O-O Nf5 11. Bb5+ c6 12. dxc6 O-O 13. cxb7 Rab8 14. Ba6
Nh4 15. h3 Bxh3 16. Nf4 Rxb7 17. Bxb7 Qxb7 18. Nd5 Be6 19. Nbc3 Rd8 20. Bg5
Rxd5 21. Nxd5 Bxd5 22. Bxh4 h6 23. Qg4 Qxb2 24. Rac1 Bd4 25. Rcd1 Qb4 26. Rxd4
Bc4 27. Qe4 Qb5 28. Rd8+ Qe8 29. Rxe8# 1-0

[Event "Tournoi Skype 025B"]
[Site "Skype"]
[Date "????.??.??"]
[Round "2.10"]
[White "Tembhurnekar, Ritu"]
[Black "Pezzolato, Erica"]
[Result "0-1"]
[WhiteElo "1140"]
[BlackElo "1390"]
[PlyCount "62"]

1. d4 Nf6 2. Nf3 g6 3. c3 Bg7 4. Bf4 d6 5. Nbd2 O-O 6. Bg3 Nbd7 7. e4 c5 8. e5
dxe5 9. Bxe5 Nxe5 10. Nxe5 cxd4 11. cxd4 Nd7 12. Nec4 Bxd4 13. Nf3 Bg7 14. Qb3
Nc5 15. Qe3 b6 16. Rd1 Qc7 17. Be2 Bb7 18. g3 Rfd8 19. Rxd8+ Rxd8 20. O-O e6
21. Rd1 Rxd1+ 22. Bxd1 b5 23. Nce5 a6 24. b4 Ne4 25. Qf4 Nc3 26. Qd2 Nxd1 27.
Qxd1 Bxe5 28. Nxe5 Qxe5 29. Kf1 Kg7 30. f4 Qd5 31. Qxd5 Bxd5 0-1

[Event "Tournoi Skype 025B"]
[Site "Skype"]
[Date "????.??.??"]
[Round "2.11"]
[White "Martin, Jean-Claude"]
[Black "Vincent, Andre"]
[Result "1-0"]
[WhiteElo "1389"]
[BlackElo "1273"]
[PlyCount "113"]

1. d4 Nf6 2. c4 d5 3. Nc3 e6 4. Bg5 Be7 5. e3 O-O 6. Nf3 Nbd7 7. Rc1 b6 8. cxd5
exd5 9. Bd3 Bb7 10. O-O h6 11. Bf4 Re8 12. Nb5 Bd6 13. Bxd6 cxd6 14. Nc7 Rc8
15. Nxe8 Nxe8 16. Rxc8 Qxc8 17. Qc1 Nef6 18. Qxc8+ Bxc8 19. Rc1 Nc5 20. dxc5
dxc5 21. Ne5 Bb7 22. h3 Kf8 23. Bb5 Ke7 24. Bc6 Kd6 25. Bxb7 Kxe5 26. f3 Kd6
27. Re1 a5 28. e4 dxe4 29. Bxe4 Nd7 30. Bf5 Ne5 31. Rd1+ Ke7 32. f4 Kf6 33.
fxe5+ Kxf5 34. Re1 g5 35. g4+ Ke6 36. Kf2 c4 37. Kf3 b5 38. Ke4 a4 39. Rd1 b4
40. Rd4 b3 41. axb3 c3 42. bxc3 axb3 43. Rb4 f6 44. exf6 Kxf6 45. Rxb3 Kg6 46.
Rb6+ Kh7 47. Re6 Kg7 48. c4 Kf7 49. Kf5 Kg7 50. c5 h5 51. gxh5 g4 52. hxg4 Kh7
53. c6 Kg7 54. c7 Kf7 55. c8=Q Kg7 56. Re7+ Kh6 57. Qh8# 1-0

[Event "Tournoi Skype 025B"]
[Site "Skype"]
[Date "????.??.??"]
[Round "2.12"]
[White "Homme, Jim"]
[Black "Amato, Ludovica"]
[Result "0-1"]
[WhiteElo "1117"]
[BlackElo "1379"]
[PlyCount "100"]

1. d4 d5 2. Nf3 Nf6 3. e3 c5 4. c3 Nc6 5. Bd3 Qb6 6. Nbd2 Bg4 7. O-O e6 8. Re1
Be7 9. e4 dxe4 10. Nxe4 h6 11. Nxc5 Bxc5 12. dxc5 Qxc5 13. Be3 Qh5 14. Be2 O-O
15. h3 Bf5 16. Nd2 Qg6 17. Nf3 Rfd8 18. Nh4 Rxd1 19. Nxg6 Rxa1 20. Rxa1 Bxg6
21. Rd1 Rd8 22. Rxd8+ Nxd8 23. Bxa7 Nc6 24. Bc5 Ne5 25. a3 Nd3 26. Bxd3 Bxd3
27. Kh2 Ne4 28. Be3 Nd6 29. Kg3 Nf5+ 30. Kf3 Nxe3 31. Kxe3 Bb5 32. Kd4 Bc6 33.
g3 f6 34. Kc5 Kf7 35. b4 Bg2 36. h4 Bf3 37. a4 e5 38. a5 Ke6 39. Kb6 Kd5 40.
Kxb7 Kc4+ 41. Kb6 Kxc3 42. b5 Kd2 43. a6 Ke2 44. a7 Kxf2 45. a8=Q Bxa8 46. Ka7
Bf3 47. b6 f5 48. Kb8 e4 49. b7 e3 50. Kc7 Bxb7 0-1

[Event "Tournoi Skype 025B"]
[Site "Skype"]
[Date "????.??.??"]
[Round "2.13"]
[White "Balanagendran"]
[Black "Rosenkoetter, David"]
[Result "1-0"]
[WhiteElo "1361"]
[BlackElo "1270"]
[PlyCount "61"]

1. Nf3 g6 2. g3 Bg7 3. Bg2 Nf6 4. O-O O-O 5. Nc3 c6 6. d4 d6 7. a4 Qc7 8. e4
Re8 9. b3 e5 10. Bb2 Bg4 11. Re1 Nbd7 12. Qd3 Rac8 13. dxe5 dxe5 14. Nd2 Rcd8
15. Qe3 Nb6 16. a5 Nc8 17. h3 Be6 18. b4 Rd7 19. Na4 Red8 20. Nf3 Bf8 21. Bxe5
Bd6 22. Bxf6 Be7 23. Be5 Nd6 24. Qh6 Bf8 25. Qf4 Qc8 26. Ng5 Bh6 27. Qf6 Kf8
28. Nxe6+ Ke8 29. Qh8+ Ke7 30. Nxd8 Rxd8 31. Bf6+ 1-0

[Event "Tournoi Skype 025B"]
[Site "Skype"]
[Date "????.??.??"]
[Round "2.14"]
[White "Gerbaux, Regis"]
[Black "Farfallini, Michel"]
[Result "0-1"]
[WhiteElo "1355"]
[BlackElo "1245"]
[PlyCount "32"]

1. d4 d5 2. c4 c6 3. Nc3 Bf5 4. e3 e6 5. a3 Nf6 6. Bd3 Bg6 7. Nf3 Nbd7 8. cxd5
exd5 9. O-O Bd6 10. Re1 Ne4 11. Qc2 Ndf6 12. Nh4 Ng4 13. Nxe4 Bxh2+ 14. Kf1
Qxh4 15. Ke2 dxe4 16. Rf1 exd3+ 0-1

[Event "Tournoi Skype 025B"]
[Site "Skype"]
[Date "????.??.??"]
[Round "2.15"]
[White "Latterra, Jeremias"]
[Black "De Coninck, Philippe"]
[Result "1/2-1/2"]
[WhiteElo "1064"]
[BlackElo "1354"]
[PlyCount "51"]

1. d4 e5 2. Nf3 e4 3. Nfd2 Nf6 4. c4 c6 5. e3 d5 6. a4 Bb4 7. Be2 O-O 8. O-O
Qc7 9. Qb3 Bd6 10. g3 Bh3 11. Re1 h5 12. Bf1 Bg4 13. Bg2 h4 14. f3 exf3 15.
Bxf3 hxg3 16. c5 gxh2+ 17. Kg2 Bg3 18. Rh1 Bh4 19. Nf1 Bxf3+ 20. Kxf3 Ne4 21.
Rxh2 Ng3 22. Rxh4 Nxf1 23. Rh3 Qe7 24. Qd3 g6 25. Qxf1 Qe4+ 26. Ke2 1/2-1/2

[Event "Tournoi Skype 025B"]
[Site "Skype"]
[Date "????.??.??"]
[Round "2.16"]
[White "Munoz Gonzalez, Martin"]
[Black "Moumtaz, Abderrahim"]
[Result "1-0"]
[WhiteElo "1353"]
[BlackElo "1244"]
[PlyCount "143"]

1. b3 d5 2. Bb2 Nc6 3. e3 e5 4. Bb5 Bd6 5. Nf3 Nf6 6. Nxe5 Bd7 7. Nxd7 Qxd7 8.
Qf3 Be7 9. O-O O-O 10. Qg3 Bd6 11. f4 Qg4 12. Rf3 Qxg3 13. Rxg3 Be7 14. Nc3
Rad8 15. Ne2 Nh5 16. Rh3 g6 17. Ng3 Nxg3 18. Rxg3 f5 19. h4 Bxh4 20. Rh3 Bf6
21. c3 a6 22. Bd3 Ne7 23. Kf2 c6 24. Rah1 Rf7 25. Be2 Nc8 26. Ba3 Nd6 27. Bxd6
Rxd6 28. d4 Kg7 29. Rxh7+ Kf8 30. Rxf7+ Kxf7 31. Rh7+ Bg7 32. c4 Rd8 33. cxd5
cxd5 34. Bf3 Kg8 35. Rh1 b5 36. Rc1 Bf8 37. Rc6 Rd6 38. Rxd6 Bxd6 39. Bxd5+ Kg7
40. Bb7 a5 41. Bc6 b4 42. Kf3 Kf6 43. e4 fxe4+ 44. Kxe4 Bc7 45. g4 g5 46. fxg5+
Kxg5 47. Bd7 Bf4 48. Kd5 Bc7 49. Kc6 Bd8 50. d5 Kf4 51. d6 Kg5 52. Bf5 Kf6 53.
Kd7 Bb6 54. Ke8 Ke5 55. d7 Kd6 56. d8=Q+ Bxd8 57. Kxd8 Ke5 58. Kd7 Kd5 59. Kc7
Kc5 60. g5 Kd5 61. g6 Ke5 62. Bb1 Kf6 63. Kb6 Kg7 64. Kxa5 Kf8 65. Kxb4 Kg7 66.
a4 Kf8 67. a5 Kg7 68. a6 Kg8 69. a7 Kg7 70. a8=Q Kf6 71. Qf8+ Kg5 72. g7 1-0

[Event "Tournoi Skype 025B"]
[Site "Skype"]
[Date "????.??.??"]
[Round "2.17"]
[White "Hernandez, George"]
[Black "Hernandez Lopez, Joaquin"]
[Result "1/2-1/2"]
[WhiteElo "1334"]
[BlackElo "1207"]
[PlyCount "42"]

1. d4 d5 2. e4 e6 3. Nc3 c6 4. Nf3 Be7 5. Be3 Nf6 6. Bd3 Qb6 7. b3 Ba3 8. O-O
Bb2 9. Na4 Bxa1 10. Nxb6 axb6 11. Qxa1 dxe4 12. Ne5 exd3 13. Nxd3 Ng4 14. d5
O-O 15. Nf4 exd5 16. Nh5 f6 17. h3 Ne5 18. g4 h6 19. f4 Nf7 20. g5 Bxh3 21. Rf2
Nd7 1/2-1/2

[Event "Tournoi Skype 025B"]
[Site "Skype"]
[Date "????.??.??"]
[Round "2.18"]
[White "Marty, Yvette"]
[Black "Sanchez Padilla, Armando Edilber"]
[Result "0-1"]
[WhiteElo "1000"]
[BlackElo "1329"]
[PlyCount "38"]

1. e4 c5 2. b3 d6 3. Nf3 e5 4. c4 Nf6 5. Nc3 Be7 6. d3 Nc6 7. Be3 a6 8. Nd5 Bg4
9. Qd2 O-O 10. Ng5 Nxd5 11. exd5 Nb4 12. Be2 Bxe2 13. Qxe2 Bxg5 14. Bxg5 Qxg5
15. O-O Qf5 16. Rae1 Nxd3 17. f3 Nxe1 18. Qxe1 Rfe8 19. g4 Qf4 0-1

[Event "Tournoi Skype 025B"]
[Site "Skype"]
[Date "????.??.??"]
[Round "2.19"]
[White "Mantelli, Luca"]
[Black "Khatanhar, Mohit"]
[Result "1-0"]
[WhiteElo "1320"]
[BlackElo "1194"]
[PlyCount "75"]

1. e4 e5 2. Nf3 Nc6 3. Bc4 h6 4. c3 Bc5 5. d4 exd4 6. cxd4 Bb4+ 7. Nc3 Bxc3+ 8.
bxc3 d6 9. O-O Bd7 10. Bf4 Nge7 11. d5 Nb8 12. e5 dxe5 13. Nxe5 O-O 14. Re1 Kh8
15. Qh5 Ng6 16. Bd3 Nxf4 17. Qf3 Nxd3 18. Qxd3 f6 19. Ng6+ Kg8 20. Nxf8 Qxf8
21. Qc4 Qc8 22. d6+ Kh8 23. dxc7 Na6 24. Rad1 Nxc7 25. Re7 Be6 26. Qxc7 Qg8 27.
Re1 Re8 28. Rxe8 Qxe8 29. Qxb7 Qa4 30. h3 Qxa2 31. Qa8+ Kh7 32. Qe4+ Kh8 33.
Qxe6 Qd2 34. Re3 Qc1+ 35. Kh2 Qd2 36. Qe8+ Kh7 37. Rg3 Qxf2 38. Qg6+ 1-0

[Event "Tournoi Skype 025B"]
[Site "Skype"]
[Date "????.??.??"]
[Round "2.20"]
[White "Rodriguez, Nathalie"]
[Black "Vervoort, Jean-Louis"]
[Result "1/2-1/2"]
[WhiteElo "1319"]
[BlackElo "1192"]
[PlyCount "56"]

1. d4 d5 2. Nf3 Nc6 3. e3 Nf6 4. Nc3 Bg4 5. Be2 Bxf3 6. Bxf3 e6 7. h3 Bb4 8.
Bd2 O-O 9. a3 Bxc3 10. Bxc3 Qd6 11. O-O a5 12. Rb1 b5 13. b4 axb4 14. Bxb4 Nxb4
15. axb4 Ra6 16. Qd3 c6 17. c3 Rfa8 18. Be2 Ne4 19. Bg4 g6 20. Be2 Ra2 21. Rfe1
f5 22. f3 Ng5 23. f4 Nf7 24. Rbc1 R8a3 25. Rc2 Ra1 26. Rec1 Rxc1+ 27. Rxc1 Qb8
28. Rb1 Qa8 1/2-1/2

[Event "Tournoi Skype 025B"]
[Site "Skype"]
[Date "????.??.??"]
[Round "2.21"]
[White "Castellar, Juarez Iorio"]
[Black "Schnell, Nicolas"]
[Result "1-0"]
[WhiteElo "1298"]
[BlackElo "1000"]
[PlyCount "81"]

1. Nf3 e6 2. g3 Bd6 3. Bg2 e5 4. e4 Nc6 5. c3 Be7 6. d3 Nf6 7. Nbd2 Bc5 8. Qe2
d6 9. h3 O-O 10. O-O Ng4 11. hxg4 Bxg4 12. Re1 Re8 13. Nf1 Qf6 14. N1h2 Bh5 15.
Be3 Nd4 16. cxd4 Bb6 17. dxe5 dxe5 18. Bxb6 Qxb6 19. g4 Bg6 20. Nh4 Qf6 21.
Nxg6 Qxg6 22. Qd2 Rad8 23. Rac1 Qb6 24. Rc2 Re6 25. Qe3 Rd4 26. Rec1 h6 27.
Rxc7 Kh7 28. g5 h5 29. Rxf7 Rg6 30. Bh3 Qd8 31. Bf5 Qe8 32. Rcc7 Rdd6 33. Rxg7+
Kh8 34. Rc8 Rd8 35. Rxd8 Qxd8 36. Rxg6 Kh7 37. Rd6+ Kg7 38. Rxd8 Kf7 39. g6+
Kg7 40. Rd7+ Kf6 41. Rf7# 1-0

[Event "Tournoi Skype 025B"]
[Site "Skype"]
[Date "????.??.??"]
[Round "2.22"]
[White "Franco, Yolima"]
[Black "Baker, Abi"]
[Result "1-0"]
[WhiteElo "1574"]
[BlackElo "1179"]
[PlyCount "77"]

1. c4 e5 2. Nc3 Bc5 3. Nf3 Bxf2+ 4. Kxf2 Nc6 5. e3 Nf6 6. Bd3 d5 7. Re1 Bg4 8.
Qc2 Qd6 9. Ng5 e4 10. Be2 Qxh2 11. Bxg4 Qh4+ 12. Kf1 Qxg5 13. Be2 Qf5+ 14. Kg1
d4 15. Rf1 Qc5 16. Nxe4 Nxe4 17. Qxe4+ Ne7 18. Rf5 Qc6 19. Qe5 g6 20. Qxh8+ Kd7
21. Qxd4+ Ke6 22. Re5+ Kf6 23. Rc5+ Ke6 24. Rxc6+ Nxc6 25. Qd5+ Kf6 26. b3 Nb4
27. Bb2+ Ke7 28. Qxb7 Nc2 29. Qxc7+ Ke6 30. Rf1 f5 31. Qc6+ Kf7 32. Qxa8 h5 33.
c5 h4 34. c6 Ke6 35. c7 Nb4 36. c8=Q+ Kd6 37. Qd8+ Kc5 38. Qac8+ Nc6 39. Ba3#
1-0